Los efectos económicos de la política fiscal (Registro nro. 5251)

Detalles MARC
000 -LEADER
fixed length control field 01414 a2200217 4500
001 - CONTROL NUMBER
control field 53827
005 - DATE AND TIME OF LATEST TRANSACTION
control field 20260407155809.0
008 - FIXED-LENGTH DATA ELEMENTS--GENERAL INFORMATION
fixed length control field 260407a1956 arg spa d
003 - CONTROL NUMBER IDENTIFIER
control field AR-UNSa-BCEJYS
040 ## - CATALOGING SOURCE
Original cataloging agency AR-UNSa-BCEJYS
Language of cataloging spa
Transcribing agency AR-UNSa-BCEJYS
080 ## - UNIVERSAL DECIMAL CLASSIFICATION NUMBER
Universal Decimal Classification number 336.02
Common auxiliary subdivision Política financiera. Política fiscal
100 1# - MAIN ENTRY--PERSONAL NAME
Personal name Myrdal, Gunnar
245 10 - TITLE STATEMENT
Title Los efectos económicos de la política fiscal
264 #1 - PRODUCTION, PUBLICATION, DISTRIBUTION, MANUFACTURE, AND COPYRIGHT NOTICE
Place of production, publication, distribution, manufacture Madrid :
Name of producer, publisher, distributor, manufacturer Aguilar
Date of production, publication, distribution, manufacture, or copyright notice 1956
300 ## - PHYSICAL DESCRIPTION
Extent 408 p.
Dimensions 22 cm.
505 ## - FORMATTED CONTENTS NOTE
Formatted contents note 1. Aspectos primarios de la política financiera como instrumento para la política de la coyuntura - 2. Los efectos de las variaciones en el volumen de los "gastos corrientes" durante una coyuntura descendente - 3. Efectos de las variaciones en el volumen de los gastos para "obras públicas" durante una coyuntura descendente - 4. Los efectos sobre el mercado de capitales.El espacio internacional para la política nacional de la coyuntura - 5. Métodos mediante los cuales podemos ampliar el espacio internacional de una política nacional de la coyuntura.Comparación entre distintas medidas de política financiera,teniendo en cuenta la eficiencia de la política de la coyuntura,con la cual se utiliza el espacio internacional - 5. La política financiera y el mercado del trabajo - 6. Resumen final
590 ## - LOCAL NOTE (RLIN)
Local note niveau_biblio:m niveau_hierar:0
700 1# - ADDED ENTRY--PERSONAL NAME
Personal name Becker, Bengt
700 1# - ADDED ENTRY--PERSONAL NAME
Personal name De Torres, Manuel
942 ## - ADDED ENTRY ELEMENTS (KOHA)
Koha item type
Existencias
Withdrawn status Lost status Damaged status Not for loan Home library Current library Shelving location Date acquired Total checkouts Full call number Barcode Date last seen Price effective from Koha item type
        Biblioteca Prof. Eusebio Cleto del Rey Biblioteca Prof. Eusebio Cleto del Rey   07/04/2026   336.02 M998 L23935 07/04/2026 07/04/2026 Libro